000 00289nam a22001337a 4500
008 170607b xxu||||| |||| 00| 0 eng d
020 _a9780073378947
041 _aeng
080 _a328
100 _a18
101 _aSHP
245 _aGOVERNMENT MATTERS
_cMALTESE,J.A
942 _2udc
_cBK
999 _c16253
_d16253